<?xml version="1.0" encoding="UTF-8"?>
<collection xmlns="http://www.loc.gov/MARC21/slim">
 <record>
  <leader>01087pamaa2200157   4500</leader>
  <controlfield tag="001">0000016862</controlfield>
  <controlfield tag="005">20090520090000.0</controlfield>
  <datafield tag="020" ind1="0" ind2="0">
   <subfield code="a">983037016X </subfield>
  </datafield>
  <datafield tag="090" ind1="0" ind2="0">
   <subfield code="a">AE35.615 </subfield>
   <subfield code="b">ENS 1996</subfield>
  </datafield>
  <datafield tag="245" ind1="0" ind2="0">
   <subfield code="a">ENSIKLOPEDIA Malaysiana : </subfield>
   <subfield code="b">Jilid 1 hingga 17.</subfield>
  </datafield>
  <datafield tag="250" ind1="0" ind2="0">
   <subfield code="a">2nd ed.</subfield>
  </datafield>
  <datafield tag="260" ind1="0" ind2="0">
   <subfield code="a">Shah Alam: </subfield>
   <subfield code="b">Anzagain Sdn Bhd., </subfield>
   <subfield code="c">1996.</subfield>
  </datafield>
  <datafield tag="300" ind1=" " ind2=" ">
   <subfield code="a">17 v: </subfield>
   <subfield code="b">ill. (some col.), maps (some col.); </subfield>
   <subfield code="c">26 cm.</subfield>
  </datafield>
  <datafield tag="500" ind1="0" ind2="0">
   <subfield code="a">jil. 1. A-Arang batu -- jil. 2. Aras dasar-Bintang Timur -- jil. 3. Bintik-Czech -- jil. 4.&#13;
                  D-Futurisme -- jil. 5. G-Hythergraph -- jil. 6. I-Kelikatan&#13;
                  -- jil. 7. Kelikir-Leucopholis -- jil. 8. Leukemia-Myrtales&#13;
                  -- jil. 9. N-Pencetak -- jil. 10. Pencilan-Psikologi -- jil.&#13;
                  11. Psikoneurosis-Sikat sesunggut -- jil. 12. Sikh-Tembok --&#13;
                  jil. 13. Tembok Berlin-Zygnematales -- jil. 14. Kamus (A-K)&#13;
                  -- jil. 15. Kamus (L-Z) -- jil. 16. Peribahasa &amp; sinonim --&#13;
                  jil. 17. Indeks</subfield>
  </datafield>
  <datafield tag="650" ind1="0" ind2="0">
   <subfield code="a">Encyclopedias and dictionaries, Malay -- </subfield>
   <subfield code="z">Malaysia </subfield>
  </datafield>
  <datafield tag="651" ind1="0" ind2="0">
   <subfield code="a">Malaysia -- </subfield>
   <subfield code="x">Encyclopedias </subfield>
  </datafield>
 </record>
</collection>
